Normal view
MARC view
Entry Meeting Name
001 - CONTROL NUMBER
- control field: 28967
003 - CONTROL NUMBER IDENTIFIER
- control field: OSt
005 - DATE AND TIME OF LATEST TRANSACTION
- control field: 20211105135227.0
008 - FIXED-LENGTH DATA ELEMENTS
- fixed length control field: 211105|| aca||aabn | a|a d
040 ## - CATALOGING SOURCE
- Original cataloging agency: OSt
- Transcribing agency: OSt
111 ## - HEADING--MEETING NAME
- Meeting name or jurisdiction name as entry element: International Astronomical Observatories in Chile Workshop
- Location of meeting: Chile
- Date of meeting or treaty signing: 2002 Mar. 11-15
670 ## - SOURCE DATA FOUND
- Source citation: Work cat.: (OSt): International Astronomical Observatories in Chile Workshop Chile 2002 Mar. 11-15, Galactic star formation across the stellar mass spectrum, 2003